000
00280nam a2200109Ia 4500
008
220204s9999 xx 000 0 und d
082
_a
631/635
_b
ADV.82
100
_a
Sparks, Donald L
245
0
_a
Advances in agronomy. V.82
260
_a
New York
_b
Elsevier Inc
_c
2004
942
_c
BK
999
_c
42304
_d
42304